| 000 | 00795nam a22001337a 4500 | ||
|---|---|---|---|
| 040 | _cRUA | ||
| 082 | _aAGR SOR 2013 B056 Or.1 | ||
| 100 | _aSORY THAN | ||
| 245 | _aEffect of diffrent fertilizersason grown on toul samrong soil at prey phdau agriculture research station, (ប្រសិទ្ធភាពជីផ្សេងៗ និង BIOCIN-F លើពូជស្រូវជលសារ នៅលកខខណ្ឌរដូវប្រាំងលើប្រភេទដីទួលសំរោង នៅស្ថានីយ៍ពិសោធន៍កសិកម្មព្រែកផ្ដៅ) | ||
| 260 |
_aphnom penh _bRUA _c2013 |
||
| 300 |
_ax, 49p. _bill. _c29cm. |
||
| 856 | _uhttps://drive.google.com/file/d/1_cP5mC1H03zrvcrUVXO6rUbkuWIkUUzx/view?usp=sharing | ||
| 942 | _cAGR | ||
| 999 |
_c1395 _d1395 |
||